000 00321 a2200145 4500
001 62643
020 _a9788535620535
040 _cAnchieta - Pituba
240 1 0 _aIniciação à eucaristia
_lpor
245 1 0 _aIniciação à eucaristia
300 _a115
362 0 _a2011
650 4 _aSalvação, graça
942 _cBK
999 _c62643
_d62643